El delito de quiebra de sociedades (Registro nro. 3406)

Detalles MARC
000 -LEADER
fixed length control field 00991 a2200229 4500
001 - CONTROL NUMBER
control field 41186
005 - DATE AND TIME OF LATEST TRANSACTION
control field 20260407155705.0
008 - FIXED-LENGTH DATA ELEMENTS--GENERAL INFORMATION
fixed length control field 260407a2000 arg spa d
003 - CONTROL NUMBER IDENTIFIER
control field AR-UNSa-BCEJYS
040 ## - CATALOGING SOURCE
Original cataloging agency AR-UNSa-BCEJYS
Language of cataloging spa
Transcribing agency AR-UNSa-BCEJYS
080 ## - UNIVERSAL DECIMAL CLASSIFICATION NUMBER
Universal Decimal Classification number 343.53
Common auxiliary subdivision Fraudes en el comercio y en la industria (Derecho Penal Económico)
020 ## - INTERNATIONAL STANDARD BOOK NUMBER
International Standard Book Number 950-894-227-4
041 ## - LANGUAGE CODE
Language code of text/sound track or separate title spa
100 1# - MAIN ENTRY--PERSONAL NAME
Personal name Rafecas, Daniel Eduardo
245 10 - TITLE STATEMENT
Title El delito de quiebra de sociedades
264 #1 - PRODUCTION, PUBLICATION, DISTRIBUTION, MANUFACTURE, AND COPYRIGHT NOTICE
Place of production, publication, distribution, manufacture Buenos Aires :
Name of producer, publisher, distributor, manufacturer AD-HOC
Date of production, publication, distribution, manufacture, or copyright notice 2000
300 ## - PHYSICAL DESCRIPTION
Extent 254 p.
Dimensions 23 cm.
505 ## - FORMATTED CONTENTS NOTE
Formatted contents note 1. Introducción - 2. Quiebra fraudalenta de sociedades: aspectos comerciales según la Ley 24.522 - 3. Quiebra fraudalenta de sociedades según la Ley penal - 4. Acerca del tipo imprudente de quiebra de sociedades (art. 178 en función del art. 177, C.P.) -
590 ## - LOCAL NOTE (RLIN)
Local note niveau_biblio:m niveau_hierar:0
856 41 - ELECTRONIC LOCATION AND ACCESS
Uniform Resource Identifier <a href="https://biblioeco.unsa.edu.ar/pmb/images/libros/L126426.jpg">https://biblioeco.unsa.edu.ar/pmb/images/libros/L126426.jpg</a>
Link text Imagen de portada
Electronic format type image/jpeg
942 ## - ADDED ENTRY ELEMENTS (KOHA)
Koha item type
Existencias
Withdrawn status Lost status Damaged status Not for loan Home library Current library Shelving location Date acquired Total checkouts Full call number Barcode Date last seen Price effective from Koha item type
        Biblioteca Prof. Eusebio Cleto del Rey Biblioteca Prof. Eusebio Cleto del Rey   07/04/2026   343.53 R136 L126426 07/04/2026 07/04/2026 Libro